00586nam a2200169 a 450000100100000000500170001000800410002702000180006804000250008624500390011126000690015030000320021949000340025150000730028550400240035883000340038200003391820200930070626.0110914s2007 dr 000 0 spa d a9789879350232 aDO-SdBNPbspacBNPHU00aContorno :bedición facsimilar/. aBuenos Aires, Argentina :bEdiciones Biblioteca Nacional,c2007. aix, 308 p. :bil. ;c31 cm.1 aReediciones y antologíasv1 aIncluye referencias bibliográficas y notas al pie de las páginas aBibliografías: p. 0aReediciones y antologíasv1